| 000 | 01825nam a2200397 a 4500 | ||
|---|---|---|---|
| 001 | ebr10235199 | ||
| 003 | CaPaEBR | ||
| 006 | m u | ||
| 007 | cr cn||||||||| | ||
| 008 | 071123s2008 caua sb 000 0 eng | ||
| 010 | _z 2007047933 | ||
| 020 | _z9780833042330 (pbk. : alk. paper) | ||
| 020 | _z0833042335 (pbk. : alk. paper) | ||
| 040 |
_aCaPaEBR _cCaPaEBR |
||
| 035 | _a(OCoLC)234317462 | ||
| 043 | _an-us-ca | ||
| 050 | 1 | 4 |
_aHV98.C2 _bK54 2008eb |
| 082 | 0 | 4 |
_a362.5/8409794 _222 |
| 100 | 1 | _aKlerman, Jacob Alex. | |
| 245 | 1 | 0 |
_aSanctions in the CalWORKS program _h[electronic resource] / _cJacob Alex Klerman, P. Jane McClure Burstain. |
| 260 |
_aSanta Monica, CA : _bRAND Corporation, _c2008. |
||
| 300 |
_axxiv, 154 p. : _bill. |
||
| 490 | 1 |
_aTechnical report ; _vTR-540-CDSS |
|
| 504 | _aIncludes bibliographical references (p. 149-154). | ||
| 505 | 0 | _aIntroduction -- CalWORKS sanction policy -- Implementation of sanction policy -- Why clients are sanctioned and home visits -- Prevalence of sanction and characteristics of those sanctioned -- Conclusion. | |
| 533 |
_aElectronic reproduction. _bPalo Alto, Calif. : _cebrary, _d2013. _nAvailable via World Wide Web. _nAccess may be limited to ebrary affiliated libraries. |
||
| 610 | 2 | 0 | _aCalifornia Work Opportunity and Responsibility to Kids (Program) |
| 650 | 0 |
_aAid to families with dependent children programs _zCalifornia. |
|
| 650 | 0 |
_aWelfare recipients _zCalifornia. |
|
| 650 | 0 |
_aFines (Penalties) _zCalifornia. |
|
| 655 | 7 |
_aElectronic books. _2local |
|
| 700 | 1 | _aBurstain, P. Jane McClure. | |
| 710 | 2 | _aebrary, Inc. | |
| 830 | 0 |
_aTechnical report (Rand Corporation) ; _vTR-540-CDSS. |
|
| 856 | 4 | 0 |
_uhttp://site.ebrary.com/lib/rucke/Doc?id=10235199 _zAn electronic book accessible through the World Wide Web; click to view |
| 999 |
_c38743 _d38743 |
||